| 000 | 01505nam0a22003131 4500 | ||
|---|---|---|---|
| 001 | rc\2259843 | ||
| 005 | 20250623014548.0 | ||
| 035 | _a(NLR Aleph) 006515687 | ||
| 090 |
_a6376573 _c6376573 |
||
| 100 | _a20110829d1979 |||y0rusy50 ca | ||
| 101 | 0 | _arus | |
| 102 | _aRU | ||
| 105 | _aa z ||||| | ||
| 200 | 1 |
_aПылеулавливающее оборудование углеобогатительных фабрик в СССР и за рубежом _eОбзор _f[А.С. Кофанов, А.Е. Тарасенко, С.В. Тетерин] |
|
| 210 |
_aМосква _cЦНИИТЭИтяжмаш _d1979 |
||
| 215 |
_a48 с. _cил. _d22 |
||
| 225 | 1 |
_aГорное оборудование _fЦНИИ информ. и техн.-экон. исслед. по тяжелому и трансп. машиностроению _v2-79-33 |
|
| 300 | _aАвт. указаны в конце текста | ||
| 320 | _aБиблиогр.: с. 47 (5 назв.) | ||
| 606 |
_aПылеуловители _jОбзоры литературы информационные _2psbo |
||
| 606 |
_aУглеобогатительные фабрики _jОбзоры литературы информационные _xБорьба с пылью _2psbo |
||
| 700 | 1 |
_aКофанов _bА.С. _gАлександр Сергеевич |
|
| 701 | 1 |
_aТарасенко _bА.Е. |
|
| 701 | 1 |
_aТетерин _bС.В. |
|
| 801 | 0 |
_aRU _bNLR _gpsbo |
|
| 801 | 1 |
_aRU _bELAR _2rusmarc |
|
| 852 |
_aNLR _j79-6/3095 |
||
| 942 | _cBOOK | ||
| 980 | _aNB | ||